Etnografías contemporáneas
Guardat en:
| Format: | Llibre |
|---|---|
| Idioma: | espanyol |
| Publicat: |
Buenos Aires
Universidad Nacional de San Martín
2009
|
| Matèries: | |
| Etiquetes: |
Afegir etiqueta
Sense etiquetes, Sigues el primer a etiquetar aquest registre!
|
MARC
| LEADER | 00000nam a2200000 a 4500 | ||
|---|---|---|---|
| 001 | UCG4687 | ||
| 003 | CL-VaPUC | ||
| 008 | 101118e20090900AG |||||||||||||||||spa|d | ||
| 082 | 0 | 4 | |a 305.8 |b ETN |2 21 |
| 245 | 1 | 0 | |a Etnografías contemporáneas |
| 300 | |a 195 p | ||
| 942 | |c BK | ||
| 945 | |d 20101118 00:00:00 |a mfarfan | ||
| 260 | |a Buenos Aires |b Universidad Nacional de San Martín |c 2009 | ||
| 500 | |a Año 4-4-septiembre 2009. ISSN: 1669-2632 | ||
| 650 | 0 | |a Etnografía |9 309735 | |
| 650 | 7 | |a ELITES |2 CL-VaPUC |9 452133 | |
| 650 | 0 | |a Antropología social |9 306264 | |
| 650 | 7 | |a TEORIA SOCIAL |2 CL-VaPUC |9 393289 | |
| 583 | |a last modification |c 20101118 00:00:00 |k Rodrigo Vera | ||
| 999 | |c 343354 |d 343352 | ||
| 952 | |0 0 |1 0 |4 0 |6 305_800000000000000_ETN_2009 |7 0 |8 R |9 440596 |a BIBGIM |b BIBGIM |d 2019-11-22 |i 4736583 |o 305.8 ETN 2009 |p 4736583 |r 2025-01-15 |w 2019-11-22 |y BK_R |k SSL | ||